US Presidents by war - Statistics

General Stats
  • This quiz has been taken 64 times
  • The average score is 14 of 21
Answer Stats
War President % Correct
World War 2 Franklin D. Roosevelt
90%
Civil War Abraham Lincoln
88%
World War 2 Harry S. Truman
83%
World War 1 Woodrow Wilson
79%
Korean War Harry S. Truman
76%
Korean War Dwight D. Eisenhower
74%
Vietnam War John F. Kennedy
71%
Vietnam War Lydon B. Johnson
71%
Vietnam War Richard M. Nixon
71%
Vietnam War Dwight D. Eisenhower
69%
Persian-Gulf War George H. W. Bush
64%
War of 1812 James Madison
64%
Philippine-American War Theodore Roosevelt
64%
Afganistan George W. Bush
62%
Spanish-American War William McKinley
62%
Afganistan Brack Obama
55%
Iraq Georeg W. Bush
50%
Philippine-American War William McKinley
50%
Mexican-American War James K. Polk
48%
Afganisan Donald Trump
45%
Iraq George W. Bush
45%
No matching quizzes found
Score Distribution
Percent of People with Each Score
Percentile by Number Answered
Your Score History
You have not taken this quiz